000 01069nam a22002657a 4500
005 20120827103550.0
008 120827t xxu||||| |||| 00| 0 eng d
010 _aENG-105638
020 _a9788120346086
_c495.00
035 _aEN-89171
037 _bDBAD/PUB
040 _aDPL
_bEng
082 _a658.4038
100 _951282
_aDalkir, Kimiz
245 _aKnowledge management in theory and practice /
_cby Kimiz Dalkir
250 _a2nd ed
260 _aNew Delhi
_bPHI Learning
_c2012
270 _aM-97, Connaught Circus
_bNew Delhi
_e110001
300 _axv,485p. :
_c24cm(pbk)
_bill.
500 _aIncludes bibliographical references and index
505 _aWhat is knowledge management? -- History of knowledge management -- Why is km important today? -- Key points -- Discussion points.
650 _aKnowledge management.
_951561
942 _2ddc
_cEN
_mDAL
_h658.4038
999 _c69318
_d69318